|
|
|
|
| LEADER |
00000naa2a2200000 4500 |
| 001 |
185829 |
| 005 |
20231031173123.0 |
| 035 |
|
|
|a (RuTPU)RU\TPU\book\201642
|
| 090 |
|
|
|a 185829
|
| 100 |
|
|
|a 20101016d2008 k y0rusy50 ca
|
| 101 |
0 |
|
|a rus
|
| 102 |
|
|
|a RU
|
| 200 |
1 |
|
|a Кейс-метод в системе подготовки специалистов по связям с общественностью
|f В. Н. Скворцова
|
| 463 |
|
0 |
|0 (RuTPU)RU\TPU\book\194420
|t Актуальные проблемы гуманитарных наук
|o сборник научных трудов
|f Томский политехнический университет (ТПУ)
|v С. 188-189
|d 2008
|p 562 с.
|
| 610 |
1 |
|
|a подготовка специалистов
|
| 610 |
1 |
|
|a связи с общественностью
|
| 610 |
1 |
|
|a кейсы
|
| 610 |
1 |
|
|a кейс-метод
|
| 610 |
1 |
|
|a обучение
|
| 610 |
1 |
|
|a занятия
|
| 610 |
1 |
|
|a эффективность
|
| 610 |
1 |
|
|a труды учёных ТПУ
|
| 700 |
|
1 |
|a Скворцова
|b В. Н.
|c российский учёный в области культурологии и социальной коммуникации
|c доцент Томского политехнического университета
|g Валентина Николаевна
|2 stltpush
|3 (RuTPU)RU\TPU\pers\24735
|
| 801 |
|
1 |
|a RU
|b 63413507
|c 20101016
|
| 942 |
|
|
|c BK
|